10 alfabetycznie pierwszych państw na świecie - Statystyki

Ogólne statystyki
  • Ten quiz został rozwiązany 79 razy
  • Średni wynik to 8 z 10
Statystyki odpowiedzi
# Państwo % Poprawnych
A Andora
85%
A Armenia
83%
A Argentyna
79%
A Afganistan
78%
A Albania
78%
A Angola
76%
A Australia
76%
A Algieria
75%
A Arabia Saudyjska
74%
A Antigua i Barbuda
72%
Nie znaleziono quizów pasujących do podanych kryteriów
Rozkład punktacji
Procent ludzi z każdym wynikiem
Percentyl według liczby udzielonych odpowiedzi
Twoja historia wyników
Nie rozwiązałeś tego quizu